[Event "Sofia MGU op 189th"]
[Site "Sofia"]
[Date "2017.09.10"]
[Round "5"]
[White "Canadell Ruiz, Samuel Sandal"]
[Black "Georgiev, Nikolay"]
[Result "0-1"]
[WhiteElo "1794"]
[BlackElo "1572"]
[PlyCount "116"]
[EventDate "2017.09.09"]
[EventType "swiss"]
[EventRounds "6"]
[EventCountry "BUL"]
[SourceTitle "CBM 180 Extra"]
[Source "ChessBase"]
[SourceDate "2017.10.06"]
[SourceVersion "1"]
[SourceVersionDate "2017.10.06"]
[SourceQuality "1"]

1. d4 d5 2. e4 dxe4 3. f3 Nf6 4. Be3 b6 5. Nd2 Bb7 6. Bb5+ Nbd7 7. fxe4 Nxe4 8. Ngf3 a6 9. Bd3 Nxd2 10. Bxd2 e6 11. c3 Bd6 12. Bg5 Nf6 13. Qe2 h6 14. Bd2 Nh5 15. Qf2 Nf4 16. Bc2 Qf6 17. Rf1 0-0 18. 0-0-0 Ng6 19. Rde1 Rae8 20. Be3 Bf4 21. Kb1 Bxe3 22. Qxe3 Nh4 23. Re2 Nxf3 24. gxf3 Qg5 25. f4 Qd8 26. Rg1 Kh8 27. Qe5 Rg8 28. Re3 Qd6 29. Qh5 Ref8 30. Re5 b5 31. b3 Qe7 32. Reg5 Qf6 33. Rc5 Qxf4 34. Kb2 Bf3 35. Qh3 Bd5 36. Qd3 g6 37. Qh3 Rg7 38. Rg4 Qd2 39. Rxc7 h5 40. Kb1 Kg8 41. Rg1 b4 42. Rd1 Qf4 43. Rc5 bxc3 44. Rxc3 Be4 45. Bxe4 Qxe4+ 46. Kc1 Kh7 47. Rc4 Rgg8 48. d5 Rc8 49. Qc3 Rxc4 50. bxc4 exd5 51. c5 Qf4+ 52. Rd2 d4 53. Qc4 Rc8 54. Kc2 Qe4+ 55. Kd1 Qb1+ 56. Ke2 Re8+ 57. Kf2 Qf5+ 58. Kg3 Re3+ 0-1

[Event "Castell de Tona op 2nd"]
[Site "Castell de Tona"]
[Date "2012.12.07"]
[Round "4"]
[White "Vinas Racionero, Josep Claudi"]
[Black "Canadell Ruiz, Samuel Sandal"]
[Result "1-0"]
[WhiteElo "2197"]
[BlackElo "1903"]
[PlyCount "45"]
[EventDate "2012.12.06"]
[EventType "swiss"]
[EventRounds "6"]
[EventCountry "ESP"]
[SourceTitle "EXT 2014"]
[Source "ChessBase"]
[SourceDate "2013.11.20"]
[SourceVersion "1"]
[SourceVersionDate "2013.11.20"]
[SourceQuality "1"]

1. e4 e5 2. Nf3 d6 3. d4 Bg4 4. dxe5 Nd7 5. exd6 Bxd6 6. Be2 Ngf6 7. Nc3 Qe7 8. Bg5 0-0 9. Nd4 Be6 10. 0-0 Nb6 11. Ncb5 Bd7 12. Nxd6 Qxd6 13. c3 h6 14. Bh4 Qf4 15. Bg3 Qxe4 16. Bf3 Qh7 17. a4 h5 18. a5 Nbd5 19. Qb3 c6 20. c4 Nc7 21. a6 b6 22. Nxc6 Bxc6 23. Bxc6 1-0

[Event "Llinars del Valles op-B 6th"]
[Site "Llinars del Valles"]
[Date "2012.05.05"]
[Round "4"]
[White "Mato Teixidor, Felip"]
[Black "Canadell Ruiz, Samuel Sandal"]
[Result "0-1"]
[WhiteElo "1348"]
[BlackElo "1772"]
[PlyCount "62"]
[EventDate "2012.04.14"]
[EventType "swiss"]
[EventRounds "9"]
[EventCountry "ESP"]
[SourceTitle "EXT 2013"]
[Source "ChessBase"]
[SourceDate "2012.11.22"]
[SourceVersion "1"]
[SourceVersionDate "2012.11.22"]
[SourceQuality "1"]

1. e4 e5 2. Nf3 f5 3. exf5 d5 4. Nxe5 Nf6 5. d4 Bxf5 6. Bd3 Bxd3 7. Qxd3 c6 8. 0-0 Bd6 9. Re1 0-0 10. Bf4 Na6 11. a3 Qb6 12. b3 Rae8 13. Nd2 Qa5 14. b4 Qc7 15. Ndf3 Ne4 16. Qe3 Re6 17. Ng5 Ref6 18. g3 Nxg5 19. Bxg5 Rxf2 20. Qxf2 Rxf2 21. Kxf2 Qc8 22. Re2 Nc7 23. Rae1 Qf5+ 24. Bf4 Nb5 25. Nf3 h6 26. Re8+ Kh7 27. Ke3 Qxc2 28. Bxd6 Nxd6 29. Rf8 Ne4 30. Kf4 Qd3 31. Re3 g5+ 0-1

[Event "Llinars del Valles op-B 6th"]
[Site "Llinars del Valles"]
[Date "2012.04.14"]
[Round "1"]
[White "Canadell Ruiz, Samuel Sandal"]
[Black "Caro Garre, Joan"]
[Result "0-1"]
[WhiteElo "1772"]
[BlackElo "1468"]
[PlyCount "105"]
[EventDate "2012.04.14"]
[EventType "swiss"]
[EventRounds "9"]
[EventCountry "ESP"]
[SourceTitle "EXT 2013"]
[Source "ChessBase"]
[SourceDate "2012.11.22"]
[SourceVersion "1"]
[SourceVersionDate "2012.11.22"]
[SourceQuality "1"]

1. e4 g6 2. d4 Bg7 3. Nc3 d6 4. Nf3 Nf6 5. h3 c6 6. Bg5 0-0 7. Qd2 b5 8. a3 Nbd7 9. Bh6 e5 10. Bxg7 Kxg7 11. Be2 Bb7 12. Qg5 h6 13. Qe3 a5 14. 0-0 b4 15. Na4 exd4 16. Qxd4 c5 17. Qxd6 Nxe4 18. Qd1 Bc6 19. c3 Re8 20. Bd3 Ndf6 21. Bc2 Qxd1 22. Rfxd1 Bxa4 23. Bxa4 Red8 24. Bb3 bxa3 25. bxa3 Nxc3 26. Re1 Re8 27. Kf1 Rxe1+ 28. Rxe1 Re8 29. Rxe8 Nxe8 30. Ne5 Nd6 31. f3 f6 32. Nc4 Nxc4 33. Bxc4 Nb1 34. Ke2 Nxa3 35. Bb3 Nb5 36. Kd3 Nd4 37. Ba2 Kf8 38. Kc4 Ke7 39. Kxc5 Ne6+ 40. Bxe6 Kxe6 41. Kb5 a4 42. Kxa4 Kf5 43. g3 g5 44. Kb4 h5 45. Kc4 h4 46. gxh4 gxh4 47. Kd3 Kf4 48. Ke2 Kg3 49. Ke3 Kxh3 50. Kf2 f5 51. Kg1 Kg3 52. Kh1 Kxf3 53. Kh2 0-1

[Event "Barcelona Tona op 1st"]
[Site "Barcelona"]
[Date "2011.12.06"]
[Round "4"]
[White "Canadell Ruiz, Samuel Sandal"]
[Black "Saborit Verdaguer, Roger"]
[Result "1/2-1/2"]
[WhiteElo "1829"]
[BlackElo "1829"]
[PlyCount "71"]
[EventDate "2011.12.05"]
[EventType "swiss"]
[EventRounds "8"]
[EventCountry "ESP"]
[SourceTitle "CBM 145 Extra"]
[Source "ChessBase"]
[SourceDate "2012.01.03"]
[SourceVersion "1"]
[SourceVersionDate "2012.01.03"]
[SourceQuality "1"]

1. e4 c5 2. d4 cxd4 3. c3 dxc3 4. Nxc3 d6 5. Bc4 e6 6. Nf3 Nc6 7. Bf4 Nf6 8. Qe2 a6 9. 0-0 Be7 10. Rfd1 Qc7 11. Rac1 0-0 12. Bb3 e5 13. Bg5 Qd8 14. h3 Be6 15. Ba4 b5 16. Bxb5 axb5 17. Bxf6 Bxf6 18. Nxb5 Nd4 19. Nfxd4 exd4 20. a3 Qb6 21. Nc7 Rac8 22. Na6 Rxc1 23. Rxc1 Rc8 24. Rxc8+ Bxc8 25. Nb4 Qc5 26. Nd5 Qc1+ 27. Kh2 Be5+ 28. g3 Be6 29. Qb5 g5 30. Qe8+ Kg7 31. Ne7 Bxg3+ 32. Kg2 Be5 33. Qg8+ Kh6 34. Qf8+ Bg7 35. Ng8+ Kg6 36. Ne7+ 1/2-1/2